000 00736nam a2200205Ii 4500
003 JO-AjNU
008 230605s9999||||xx |||||||||||||| ||und||
017 _a1982/1198
040 _aJO-AjNU
_bara
_erda
_cJO-AjNU
041 _aara
050 1 4 _aNK3633.1982
100 3 _aسينو,سيرج تأليف/عبد الجليل برتو,هناء مترجم,
_eauthor
_912916
245 0 0 _aالمدخل في رسم الحرف
264 3 1 _aبغداد:وزارة التعليم العالي والبحث العلمي,مؤسسة المعاهد الفنية,1982
300 _a85ص
336 _atext
_btxt
_2rdacontent
337 _aunmediated
_bn
_2rdamedia
338 _avolume
_bnc
_2rdacarrier
650 4 _aرسم الحرف-الفن
_912917
999 _aA3079
_c6647
_d6647